Female Celebrities A-W - Statistics

General Stats
  • This quiz has been taken 270 times
  • The average score is 11 of 23
Answer Stats
Picture Answer % Correct
Princess Diana
95%
Queen Elizabeth II
94%
Angelina Jolie
89%
Anne Frank
84%
Cleopatra
80%
Meryl Streep
74%
Margaret Thatcher
67%
Rosa Parks
66%
Julie Andrews
61%
Amelia Earhart
58%
Angela Merkel
57%
Queen Victoria
56%
Yoko Ono
46%
J.K. Rowling
42%
Grace Kelly
37%
Brigitte Bardot
36%
Whitney Houston
33%
Martina Navratilova
24%
Mae West
12%
Germaine Greer
10%
Liv Ullman
9%
Dorothy Lamour
6%
Jill Ireland
3%
No matching quizzes found
Score Distribution
Percent of People with Each Score
Percentile by Number Answered
Your Score History
You have not taken this quiz